01061nam a2200277Ia 450000500170000000800410001702000150005808200180007310000360009124500910012725000190021830000510023750001210028865000230040965000290043265000300046165000320049170000350052370000350055870000340059326400330062733600270066033700330068733800280072004000350074820220317000730.0160601s2005 ck a g 000 0 und  a958410351204a657.04 bG82c1 aGudiño Dávila, Emma Lucía10aContabilidad 2000 plus cEmma Lucía Gudiño Dávila, Lucy del Carmen Coral Delgado a5a. edición  a298 páginas bilustraciones c27 cm eCD-ROM aIncluye CD-ROM. Consultarlo bajo el título : Contabilidad 2000 Plus. Consultarlo bajo clasificación: 657.04 G82c142LEMBaContabilidad142LEMBaCuentas por cobrar142LEMBaEstados financieros142LEMBaAnálisis financiero1 aCoral Delgado, Lucy del Carmen1 aRiascos España, Ana Cristina1 aMora G., Guillermo E.eeditor aBogotá bMcGraw-Hillc2005 atextobtxt2rdacontent asin mediaciónbn2rdamedia avolumenbnc2rdacarrier aCO-BoRNBPbspaerdacCO-BoRNBP